000 00660nam a22001937a 4500
005 20251108165502.0
008 250721s9999 xx 000 0 ara d
082 1 4 _aم/217.5/عبد
100 1 _aالدومي، عبد القادر بن أحمد بن مصطفى بدران
245 1 0 _aنزهة الخاطر العاطر /
264 1 _aبيروت :
_bدار الكتب العلمية،
_c[19-].
300 _a
650 1 7 _aالإسلام
650 1 7 _aالفقه الإسلامي
650 1 7 _aالفقه الحنبلي
700 1 _aإبن قدامة، موفق الدين أبو محمد عبد الله
942 _2ddc
_cREF
999 _c29049
_d29049